Tư tưởng Hồ Chí Minh về độc lập dân tộc gắn liền với chủ nghĩa xã hội ở Việt Nam
Trình bày cơ sở hình thành và quá trình phát triển tư tưởng Hồ Chí Minh về độc lập dân tộc gắn liền với chủ nghĩa xã hội ở Việt Nam; những nội dung cơ bản của tư tưởng Hồ Chí Minh về độc lập gắn liền với chủ nghĩa xã hội, vạ...
Đã lưu trong:
| 主要作者: | |
|---|---|
| 格式: | 图书 |
| 语言: | Undetermined |
| 出版: |
Hà Nội
Lao Động
2003
|
| 主题: | |
| 标签: |
添加标签
没有标签, 成为第一个标记此记录!
|
| Thư viện lưu trữ: | Trung tâm Học liệu Trường Đại học Cần Thơ |
|---|
| LEADER | 01333nam a2200205Ia 4500 | ||
|---|---|---|---|
| 001 | CTU_56621 | ||
| 008 | 210402s9999 xx 000 0 und d | ||
| 020 | |c 280000 | ||
| 082 | |a 335.4346 | ||
| 082 | |b Tr106 | ||
| 100 | |a Hoàng, Trang | ||
| 245 | 0 | |a Tư tưởng Hồ Chí Minh về độc lập dân tộc gắn liền với chủ nghĩa xã hội ở Việt Nam | |
| 245 | 0 | |c Hoàng Trang, Phạm Ngọc Anh (chủ biên) ; Nguyễn Khánh Bật (biên soạn) ... [ et al. ] | |
| 260 | |a Hà Nội | ||
| 260 | |b Lao Động | ||
| 260 | |c 2003 | ||
| 520 | |a Trình bày cơ sở hình thành và quá trình phát triển tư tưởng Hồ Chí Minh về độc lập dân tộc gắn liền với chủ nghĩa xã hội ở Việt Nam; những nội dung cơ bản của tư tưởng Hồ Chí Minh về độc lập gắn liền với chủ nghĩa xã hội, vận dụng và phát triển tư tưởng Hồ Chí Minh về độc lập dân tộc gắn liền với chủ nghĩa xã hội trong công cuộc đổi mới.. | ||
| 650 | |a Ho Chi Minh ideology,Vietnam communism | ||
| 904 | |i Qhieu đã sửa | ||
| 980 | |a Trung tâm Học liệu Trường Đại học Cần Thơ | ||